01269nam a2200313Ia 450000500170000000800370001702000150005404100080006910000440007724501370012125000180025830000490027649000310032550000420035650501460039865000350054465000370057970000500061670000440066670000480071094200150075826400330077333600270080633700330083333800280086604000350089408400110092999900150094020220317001847.0170410s2004 c a g 000 j s a9583006750 aspa1 aGógol, Nikolai Vasilievichd1809-185213aEl lugar encantado y otros cuentoscNicolás Gogol ; traducido por Francisco Montaña Ibáñez ; ilustrado por Luis Eduardo Ruiz a1a. edición a220 páginasbilustraciones en colorc24 cm aCajón de cuentos : mayor aIncluye datos biográficos del autor aLa noche de mayo o la ahogada -- El mercado de Sorochinetz --La carta perdida -- Iván Fiodorovich Shponka y su tía -- El lugar encantado142LEMBaCuentos rusosySiglo XIX142LEMBaLiteratura rusaySiglo XIX1 aMontaña, Franciscod1966-etraductor9246851 aRuíz, Luis Eduardoeilustrador9161941 aFonseca Leal, Raquel Mireyadeditora978039 2loccBKLIT aBogotábPanamericanac2004 atextobtxt2rdacontent asin mediaciónbn2rdamedia avolumenbnc2rdacarrier aCO-BoRNBPbspaerdacCO-BoRNBP aC GOG1 c8337d8337